000
00228nam a22001097a 4500
100
_a
RAMSDEN E N
245
_a
A-LEVEL CHEMISTRY
250
_a
4TH ED.
260
_a
UK
_b
NELSON THORNES
_c
2000
300
_a
768
_b
ILL
942
_c
BK
999
_c
251671
_d
251671